000 00164nam a22000857a 4500
082 _a823
100 _aSHILPI AND DEEPTHI
245 _a7 IN 1 MORAL STORIES
942 _cBK
999 _c8274
_d8274